000 005730000a22001570004500
008 110131t xxu||||| |||| 00| 0 eng d
082 _a27258
090 _c27258
_d27258
100 _aNtambutso, Regis
_947069
245 _aThe impact of effective market segmentation and targeting strategies on a business organization :
_bIinterbank-burundi /
_cNtambutso Regis
260 _aNkozi :
_b Uganda Martyrs University,
_c2003
300 _aiii, 52 p.;
_c30 cm.
500 _aBusiness administration and management
650 _aMarketing-Business
_947070
942 _cDISS
_2ddc
999 _c27258
_d27258